កំណែ​មេ​រៀន និង​លំ​ហាត់​លម្អិត គីមី​វិទ្យា ថ្នាក់​ទី​១​២ ភាគ​២ / (Record no. 3599)

MARC details
000 -LEADER
fixed length control field 01037nam a22002537a 4500
001 - CONTROL NUMBER
control field 3599
003 - CONTROL NUMBER IDENTIFIER
control field FISKH
005 - DATE AND TIME OF LATEST TRANSACTION
control field 20240322151531.0
008 - FIXED-LENGTH DATA ELEMENTS--GENERAL INFORMATION
fixed length control field 240322b cb ||||| |||| 00| 0 eng d
020 ## - INTERNATIONAL STANDARD BOOK NUMBER
International Standard Book Number 12345816
040 ## - CATALOGING SOURCE
Original cataloging agency FISKH
Language of cataloging khr
Transcribing agency FISKH
Modifying agency FISKH
050 ## - LIBRARY OF CONGRESS CALL NUMBER
Classification number PZ7
082 ## - DEWEY DECIMAL CLASSIFICATION NUMBER
Classification number 540
100 ## - MAIN ENTRY--PERSONAL NAME
Personal name Thavey, Chey
245 ## - TITLE STATEMENT
Title កំណែ​មេ​រៀន និង​លំ​ហាត់​លម្អិត គីមី​វិទ្យា ថ្នាក់​ទី​១​២ ភាគ​២ /
Statement of responsibility, etc. រៀបរៀងដោយ សាស្រា្តចារ្យ : ជ័យ ថាវី
260 ## - PUBLICATION, DISTRIBUTION, ETC.
Place of publication, distribution, etc. Phnom Penh :
Name of publisher, distributor, etc. Bak Touk 2,
Date of publication, distribution, etc. 2016.
300 ## - PHYSICAL DESCRIPTION
Extent 195 pages :
Dimensions 21 cm
520 ## - SUMMARY, ETC.
Summary, etc. កំណែមេរៀន និងលំហាត់ គីមីវិទ្យា សម្រាប់ងថ្នាក់ទី ១២​
520 ## - SUMMARY, ETC.
Summary, etc. Chemistry Lessons and Exercises for Grade 12
650 ## - SUBJECT ADDED ENTRY--TOPICAL TERM
Topical term or geographic name entry element គីមីវិទ្យា​
650 ## - SUBJECT ADDED ENTRY--TOPICAL TERM
Topical term or geographic name entry element Chemistry
942 ## - ADDED ENTRY ELEMENTS (KOHA)
Source of classification or shelving scheme Dewey Decimal Classification
Koha item type Khmer Books
Suppress in OPAC No
Holdings
Withdrawn status Lost status Source of classification or shelving scheme Damaged status Not for loan Collection Home library Current library Shelving location Date acquired Total Checkouts Full call number Barcode Date last seen Price effective from Koha item type
    Dewey Decimal Classification     Reference Footprints International School Library Network Toul Kork Campus Footprints International School Library Network Toul Kork Campus TK Old Khmer Books (Rear Hallway Shelf 3) 03/22/2024   CHE 540 PZ7 2024-0389 03/22/2024 03/22/2024 Khmer Books